| 000 | 00726nam a2200241Ia 4500 | ||
|---|---|---|---|
| 003 | OSt | ||
| 005 | 20220927105222.0 | ||
| 006 | a|||||r|||| 00| 0 | ||
| 007 | ta | ||
| 008 | 220926b |||||||| |||| 00| 0 eng d | ||
| 024 | _a188090 | ||
| 037 | _cReference Collections | ||
| 040 |
_aRTL _cRTL _beng |
||
| 041 |
_2eng _aeng |
||
| 082 | _a"X:54, M5/SC" | ||
| 100 |
_aJungenfelt Karl. Ed. _9371105 |
||
| 245 | 0 | _aStructural adjustment in developed open economics. | |
| 260 |
_aLondon _bMacMillanPress Ltd. _c1985 |
||
| 300 |
_a"xxvi,595p." _ccm. |
||
| 700 |
_a Hague Douglas .Ed _9371106 |
||
| 942 |
_h"X:54, M5/SC" _cCC |
||
| 999 |
_c691344 _d691344 |
||